Bundesliga Clubs Quiz - Statistics

General Stats
  • This quiz has been taken 109 times
    41 since last reset
  • The average score is 14 of 18
Answer Stats
Club % Correct
Bayern Munich
100%
Borussia Dortmund
100%
Bayer 04 Leverkusen
92%
Eintracht Frankfurt
89%
VfB Stuttgart
86%
FC Augsburg
81%
1. FSV Mainz 05
78%
Union Berlin
78%
Werder Bremen
78%
VfL Wolfsburg
76%
RB Leipzig
73%
Borussia Monchengladbach
70%
1899 Hoffenheim
68%
FC St. Pauli
68%
SC Freiburg
68%
VfL Bochum
68%
1. FC Heidenheim
59%
Holstein Kiel
43%
No matching quizzes found
Score Distribution
Percent of People with Each Score
Percentile by Number Answered
Your Score History
You have not taken this quiz since the last reset